000 00409nam a2200145Ia 4500
008 240729s9999 xx 000 0 und d
022 _a2709-2976
245 0 _aInterdisciplinary Approaches to Medicine
260 _aKazakhstan
260 _bAl-Farabi Kazakh National University
650 _aMedicine
856 _uhttps://doaj.org/toc/0a74fefce1214f75a1e9b8417659b27a
942 _2ddc
942 _cDOAJEJ
999 _c69274
_d69274
945 _a1
_bMadushi Gamage
_c1
_dMadushi Gamage